00975nam a22002657a 45000010005000000030006000050050017000110080041000280200018000690400029000870500017001160820011001331000026001442450048001702600044002183000050002624900024003125050008003365200126003445210029004705210020004996500056005196500068005756500066006437725FISKH20250829143513.0250801b cb ||||| |||| 00| 0 eng d a9780516278162 aFISKHbengcFISKHdFISKH aSB63.C46 D58 a634.11 aDitchfield, Christin  aJohnny appleseed / cBy Christin Ditchfield aNew York : bChildren's Press , c2003. a31 pages : bcolor illustrations ; c18 cm .  aRookie biographies  aJ  aPresents a brief biography of John Chapman, the man who planted thousands of apple seeds in the early nineteenth century.8 a500 bLexile estimate 8 aJ bRAz-Plus  aAppleseed, Johnny, 1774-1845 vJuvenile Literature  aApple growers- United Stateds- Biography vJuvenile Literature  aFrontier and pioneer life- Middle West vJuvenile Literature